Quizzes
Events
Quiz Creation
Community
Videos
Private Events
Remove Ads
Sign In
Join for FREE
Feedback
Dark Mode
Quiz Categories
Sports
Geography
Music
Movies
Television
Just For Fun
Miscellaneous
History
Literature
Language
Science
Gaming
Entertainment
Religion
Holiday
For Kids
Quiz Lab
Recent
Popular Today
Quiz Kudos Today
Editor Picks
Curator Picks
Quizzes by...
Day
Popularity
Type
Ratings
Length
Year
Community
Subscriptions
Recent Discussions
Orange Saloon
Badges
Playlists
Quests
Create
Leaderboards
Showdown
Live 5
Trivia Bingo
Activity
Puzzle Library
Sporcle Events
Private Events
Virtual Trivia
Globe League
Become a Host
Pub Owners
SporcleCon
Opinionation
Our Games
Videos
Blog
Mobile Apps
Partnerships
Remove Ads and Go Orange
Feedback
Gaming
Video Games
Board Games
Card Games
Pokémon
Mario
Nintendo
Minecraft
Console
Toys
Legend of Zelda
Gaming
Video Games
Board Games
Card Games
Pokémon
Mario
Nintendo
Minecraft
Console
Toys
Legend of Zelda
Random Quiz
Search Sporcle
×
Quiz Lab
Quiz Lab
Gaming
Console
Type in answers that appear in a list
Type in answers that appear in a list
Classic
Best Score? Go Orange.
Demon's Soul's Weapons Stats
Can you name the Demon's Soul's Weapons?
By
davehasabeard
12m
63 Questions
140 Plays
140 Plays
140 Plays
Comments
Comments
Give Quiz Kudos
Give Quiz Kudos
-
- Ratings
hide this ad
Replay
Link that replays current quiz
Next Quiz
Link to next quiz in quiz playlist
You Got
0%
They Got
Avg Score
59%
Avg Friend Score
Upgrade to see
Score Distribution
Jump to the score distribution portion of the page
Score
0/63
Timer
12:00
0
Plays Today
Dark Souls
Weapons
% Correct
Dagger
82.9%
Long Sword
81.4%
Short Sword
80.7%
Winged Spear
75.7%
Great Sword
75%
Falchion
74.3%
Rapier
72.1%
Halberd
71.4%
Uchigatana
70.7%
Bastard Sword
70.7%
Claymore
70%
Battle Axe
69.3%
Scimitar
68.6%
Club
67.9%
Scraping Spear
67.9%
Blueblood Sword
67.1%
Soulbrant
67.1%
Dragon Bone Smasher
67.1%
Baby's Nail
66.4%
Demonbrant
66.4%
Mace
65.7%
Great Axe
64.3%
Great Club
63.6%
Large Sword of Moonlight
62.1%
Northern Regalia
62.1%
Large Sword of Searching
60.7%
Magic Sword Makoto
60.7%
Hiltless
60%
Short Spear
59.3%
Parrying Dagger
59.3%
Bramd
58.6%
Broken Sword
58.6%
Dark Souls
Weapons
% Correct
Secret Dagger
57.9%
Estoc
57.1%
Hands of God
57.1%
Broad Sword
56.4%
Kilij
56.4%
Mail Breaker
56.4%
Stormruler
56.4%
Dozer Axe
55.7%
Claws
55%
Epee Rapier
54.3%
Needle of Eternal Agony
53.6%
Morning Star
52.9%
Mirdan Hammer
52.9%
Blind
52.9%
Pickaxe
51.4%
Istarelle
51.4%
Knight Sword
51.4%
Flamberge
50.7%
Shotel
50%
Crescent Axe
49.3%
Morion Blade
49.3%
Guillotine Axe
47.9%
Kris Blade
46.4%
Penetrating Sword
46.4%
Iron Knuckles
45.7%
Geri's Stiletto
44.3%
Spiral Rapier
43.6%
Meat Clever
42.9%
War Pick
42.1%
War Scythe
40%
Phosphorecent Pole
37.1%
Quiz Playlist
Details
Report
Send in Message
Add To Playlist
Classic:
Type in answers that appear in a list
Last Updated: Nov 20, 2020
Quiz Scoreboard
CHALLENGE
Sign Up to Join the Scoreboard
Show All
Scores
Hide
Comments
May contain spoilers
Recently Published
Presidents Visiting Landmarks
by Hejman
History
7m
An Introduction to Baseball
by treessimontrees
Sports
5m
Movies - When Are They Set?
by FPL_Elf
Movies
5m
More to Explore
Quiz From the Vault
Featured Blog Post
Where Did the Easter Bunny Come From?
hide this ad
You Might Also Like...
Tags
Console Quiz
Video Games Quiz
demon
soul
Today's Top Quizzes in Gaming
Browse Gaming
hide this ad
Today's Top Quizzes in Console
Browse Console
Top Contributed Quizzes in Gaming
1
5-to-1: Consoles
2
7-to-1: Board Game Piece Blitz
3
5-to-1: Legend of Zelda
4
Destiny 2 exotic weapons by perk icons
5
Ultimate Genshin Impact Logic Puzzle (up to 4.3)
6
Franchise by Action Figure
7
Overwatch Logic Puzzle
8
Who's on the WWE 2K24 Cover?
9
Genshin Impact Logic Puzzle Quiz
10
Windmill: Pokémon
Explore More
Trending Topics
Kpop
Disney
Crossword
Marvel
Harry Potter
NBA
Anime
NFL
The Office
WWE
Pokémon
Country
Soccer
Song
Puzzle
hide this ad
More By:
davehasabeard
Quiz
Plays
Rating
Category
Featured
Created
Demon's Soul's Weapons
140
Gaming
Oct 16, 2010
Dark Souls 3 Weapons
19
Gaming
Nov 20, 2020
Dark Souls Weapons
15
Gaming
Nov 20, 2020
Go to Creator's Profile
Score Distribution
Quiz Creator Spotlight
davehasabeard
Follow
Send a Message
Quizzes Created
-
Created Quiz Play Count
-
More By This Creator
Popular Quizzes Today
1
Find the US States - No Outlines Minefield
2
Find the Countries of Europe - No Outlines Minefield
3
The Countries of the World
4
Find the US States
5
Popular People in 1961
6
US States
7
Risky Map Clicking: Biggest States A-Z
8
Movies - When Are They Set?
More Gaming Quizzes
Spyro the Dragon: Gnorc Gnexus Realms
Quiz Lab
Trending Quizzes
Risky Map Clicking: Least Populous States A-Z
1-10 Letter G Words
1-10 Letter F Words
Risky Map Clicking: Next State Alphabetically
Risky Map Clicking: Biggest States A-Z
Recently Updated
Leaping Animals
pecheneg
Reality TV Shows (A-Z)
bhenderson79
Rickey Henderson's Hall of Fame Teammates
pecheneg
Champions League XIs: Arsenal
pecheneg
Quick Pick: Celebrities in WWE's Hall of Fame
aduchscher
A-Z Keypad Blitz II
pecheneg
Multiple Oscar Actors
pecheneg
Mystery Phrase Blitz: Oscar 'Best Actors'
pecheneg
F. Scott Fitzgerald Novels
LTH
Pick 3 Villains
ddd62291
Trending Topics
NBA
Kpop
Crossword
Harry Potter
Marvel
Disney
Anime
The Office
NFL
Puzzle
Song
Pokémon
Soccer
Country
WWE
Your Account Isn't Verified!
In order to create a playlist on Sporcle, you need to verify the email address you used during registration. Go to your
Sporcle Settings
to finish the process.
Report this User
Report this user for behavior that violates our
Community Guidelines
.
Details:
Send Report
Go to the Sporcle.com Mobile Site →
Comments